000 01056nam a2200301 i 4500
005 20260218162610.0
008 260218s2024 enk 000|0 eng|d
020 _a9780414108844
_qpaperback
041 _aeng
082 0 4 _a343.41078624
245 0 0 _aJCT: Intermediate named sub-contract tender & agreement 2024
_bICSub/NAM 2024
246 1 _aICSub/NAM 2024
246 1 _aICSub/NAM/IT 2024
246 1 _aICSub/NAM/A 2024
246 1 _aICSub/NAM/T 2024
264 1 _aLondon :
_bThomson Reuters (Professional) UK Limited, trading as Sweet & Maxwell,
_c2024
300 _aii, 33 pages ;
_c30 cm
336 _atext
_2rdacontent
337 _aunmediated
_2rdamedia
338 _avolume
_2rdacarrier
490 _aJCT Contracts 2024
520 _aThis document comprises: Invitation to tender ICSub/NAM/IT; Tender ICSUB/NAM/T; Agreement ICSUB/NAM/A
650 0 _aConstruction contracts
_zGreat Britain
651 _aUnited Kingdom
710 2 _aJoint Contracts Tribunal,
_eissuing body.
942 _n0
999 _c122271
_d122271